[Event "NZL-ch Major op"]
[Site "Dunedin"]
[Date "1999.??.??"]
[Round "2.8"]
[White "Voss, PJ."]
[Black "Ritchie, AD."]
[Result "1/2-1/2"]
[WhiteElo "1484"]
[BlackElo "1278"]
[PlyCount "154"]
[EventDate "1998.??.??"]
[EventType "swiss"]
[EventRounds "11"]
[EventCountry "NZL"]
[SourceTitle "EXT 2003"]
[Source "ChessBase"]
[SourceDate "2002.11.25"]
[SourceVersion "1"]
[SourceVersionDate "2002.11.25"]
[SourceQuality "1"]

1. d4 Nf6 2. c4 c5 3. d5 e6 4. Nc3 exd5 5. cxd5 d6 6. e4 g6 7. Bd3 Bg7 8. Nge2 0-0 9. Ng3 a6 10. a4 Re8 11. 0-0 b6 12. Bd2 Bb7 13. f4 Nbd7 14. Qf3 Rc8 15. b3 Re7 16. Rae1 Qf8 17. Re3 h6 18. Kh1 Rce8 19. Rfe1 Nh7 20. Qf1 Bd4 21. Rf3 Ra8 22. Nce2 Bh8 23. Bc3 Bxc3 24. Nxc3 Qg7 25. Bc4 h5 26. Rfe3 h4 27. Nge2 f5 28. e5 Kh8 29. e6 Ndf6 30. Rh3 g5 31. fxg5 Qxg5 32. Qf4 Qxf4 33. Nxf4 Rg8 34. Rxh4 Rg5 35. Re2 Ng4 36. Nd3 Kg7 37. h3 Ngf6 38. Rf2 Ne4 39. Nxe4 fxe4 40. Rxe4 Nf6 41. Ref4 Rg6 42. Rf5 b5 43. axb5 axb5 44. Bxb5 Bxd5 45. Nf4 Rxe6 46. Nxg6 Be4 47. Rxf6 Rxf6 48. Rxf6 Kxf6 49. Nf4 Ke5 50. Ne2 Bd5 51. Bc4 Bb7 52. Nc3 Kd4 53. Ne2+ Ke3 54. Nc3 Kd4 55. Nb5+ Ke5 56. Nxd6 Kxd6 57. h4 Be4 58. Kh2 Ke5 59. g3 Bf5 60. Be2 Be6 61. Bd1 Kf6 62. g4 Kg7 63. Kg3 Kh6 64. Kf4 c4 65. g5+ Kg7 66. bxc4 Bxc4 67. Bc2 Be2 68. Bf5 Bh5 69. Bg4 Bg6 70. h5 Bc2 71. Bf5 Bd1 72. h6+ Kh8 73. g6 Bb3 74. Ke5 Bf7 75. Kf6 Bxg6 76. Kxg6 Kg8 77. Kf6 Kh8 1/2-1/2